000 00644nam a2200181Ia 4500
003 IN-BaIIA
008 211028s9999 xx s 000 0 eng d
020 _a9781510634091 (Print)
020 _a9781510634107 (Online)
040 _cIIA Library
100 _aXu, Huaiyu, ed.
_941307
245 0 _a2019 International Conference on Image and Video Processing, and Artificial Intelligence
_h[eBook]
260 _aWashington, USA
_bSPIE
_c2019
300 _aOnline resource
490 _aProceedings of SPIE; V. 11321
856 _uhttps://www.spiedigitallibrary.org/conference-proceedings-of-spie/11321
_yClick Here to Access eBook
942 _cEB
999 _c22683
_d22683